000 00597cam a22002172a 4500
001 000147
003 AR-FADEU
008 311216n1993####xxu####################dd
020 _a950-23-0548-5
092 _a001.4
_bS187
100 _aSamaja, Juan
245 _aEpistemología y metodología : Elementos para una teoría de la investigación científica
260 _aBuenos Aires
260 _bEudeba
260 _c1993
300 _a382 p
440 _aTemas
500 _aInv. 9945. Texto de sala
650 _aCIENCIA; INVESTIGACION; MATRIZ DE DATOS; EPISTEMOLOGIA
942 _cBDGR
999 _c5992
_d5992